| 000 | 01596nab a22003017a 4500 | ||
|---|---|---|---|
| 999 |
_c5632 _d5632 |
||
| 003 | OSt | ||
| 005 | 20251223004550.0 | ||
| 008 | 190429b xxu||||| |||| 00| 0 spa d | ||
| 040 | _cPJ | ||
| 100 |
_96604 _aGutiérrez, Ramiro |
||
| 245 | 1 | 0 |
_aHabeas cogitationem : _bla protección de la mente y el pensamiento en épocas de riesgo tecnológico / _cRamiro Gutiérrez, José A. Marinaro. |
| 260 |
_cCiudad Autónoma de Buenos Aires : _aThomson Reuters La Ley, _b2025. |
||
| 300 | _ap. 245-252 | ||
| 500 | _a Cita: TR LALEY AR/DOC/2851/2025. | ||
| 505 | _aSumario: I. Introducción.— II. Sobre las nuevas rutas regulatorias.— III. Sobre los organismos internacionales.— IV. Sobre la libertad de pensamiento como sustrato básico y omnicomprensivo.— V. Sobre el Principio de Precaución y las dinámicas evolutivas neurotecnológicas.— VI. Argentina da el paso hacia una nueva garantía. Presentación del proyecto de ley. | ||
| 505 | _tSi te interesa el texto completo, solicitalo a koha@justierradelfuego.gov.ar | ||
| 650 | 0 |
_9343 _aDERECHO PENAL |
|
| 650 | 0 |
_92082 _aHÁBEAS CORPUS |
|
| 650 | 0 |
_92072 _aHABEAS DATA |
|
| 650 | 0 |
_93637 _aTUTELA JUDICIAL EFECTIVA |
|
| 650 | 0 |
_9179 _aGARANTIAS CONSTITUCIONALES › |
|
| 650 | 0 |
_96605 _aINFORMACIÓN SENSIBLE |
|
| 650 | 0 |
_91214 _aLIBERTAD DE CULTOS |
|
| 650 | 0 |
_94193 _aPROYECTO DE LEY |
|
| 700 |
_96590 _aMarinaro, José Angel _ecoautor |
||
| 773 | 0 |
_02658 _93164 _tRevista de derecho penal y criminología. Nº 11 - Diciembre 2025 _dCiudad Autónoma de Buenos Aires : Thomson Reuters La Ley, 2017- _x00347914 |
|
| 942 |
_2udc _cANA |
||